[Event "Olympiad Women 2024"]
[Site "Budapest HUN"]
[Date "2024.09.21"]
[Round "10.45"]
[Board "2"]
[White "Tharushi, T H D Niklesha"]
[Black "Hermoso Rodriguez, Ysvett"]
[Result "1-0"]
[WhiteElo "1852"]
[BlackElo "1943"]
[PlyCount "117"]
[EventDate "2024.09.11"]
[WhiteTeam "Sri Lanka"]
[BlackTeam "Trinidad & Tobago"]
[WhiteTeamCountry "SRI"]

1. d4 d5 2. c4 c6 3. Nf3 Nf6 4. g3 Bf5 5. Nc3 e6 6. Qb3 Qb6 7. c5 Qxb3 8. axb3 Na6 9. Ra4 ({RR} 9. Bf4 h6 10. Ra4 Nd7 11. e4 dxe4 12. Bxa6 bxa6 13. Ne5 Nxe5 14. Bxe5 f6 15. Bf4 e5 16. dxe5 fxe5 17. Be3 Rb8 18. Kd2 g5 19. Rxa6 Rh7 20. Rxc6 Rxb3 21. Kc2 Rhb7 22. Rb1 Kf7 23. Kc1 Bd7 {1-0 Matlakov,M (2671)-Sjugirov,S (2696) Chess.com Rapid Wk18 Swiss 2022 (4)}) 9... Bc2 10. Ne5 $146 ({RR} 10. Kd2 Bxb3 11. Ra3 Bc4 12. Ne5 Bb5 13. Kc2 Be7 14. Bf4 O-O 15. Nxb5 cxb5 16. Nd3 Nd7 17. b4 Nab8 18. Bd2 Rc8 19. Kb3 Nc6 20. e3 b6 21. Bg2 a5 22. Rc1 bxc5 23. dxc5 axb4 24. Rxa8 Rxa8 {0-1 Reefschlaeger,H (2370)-Bohm,H (2410) Bonn Staudte Memorial 1979 (6)}) ({RR} 10. Bg2 Nd7 11. O-O Bxb3 12. Ra3 Bc2 13. Bf4 f6 14. h4 e5 15. dxe5 Bxc5 16. Raa1 fxe5 17. Nxe5 Nb4 18. Nxd7 Kxd7 19. Rac1 Bd6 20. Bxd6 Kxd6 21. Na2 Nxa2 22. Rxc2 Nb4 23. Rd2 Rad8 24. e4 Kc7 {½-½ Caturra,R (1849)-Cabanas Lopez,E (2157) Maia Chess Open 2024 (9.33)}) ({RR} 10. e4 Nc7 11. e5 Nd7 12. Kd2 Bf5 13. Nh4 Bg4 14. h3 Bh5 15. g4 Be7 16. Nf3 Bg6 17. b4 b5 18. Ra1 O-O 19. Bg2 f6 20. Ke2 fxe5 21. Nxe5 Nxe5 22. dxe5 a5 23. bxa5 Bxc5 24. Nd1 Bc2 {½-½ Schwarzkopf,C (2205)-Heil,S (2260) Oberliga NRW 8990 II 1989 (2)}) ({RR} 10. Nd2 Nc7 11. e3 Be7 12. Be2 O-O 13. Bd1 Bxd1 14. Kxd1 a5 15. Nf3 Nd7 16. Bd2 Ra6 17. Ke2 Rfa8 18. Rha1 Bd8 19. Ne1 e5 20. f3 Ne6 21. Nc2 exd4 22. exd4 Bf6 23. Be3 Nc7 24. Kd3 g5 {0-1 Banduka,Z (2181)-Kotan,L (2327) SVK-chT1E 0506 2005 (11)}) 10... Nd7 11. Nxd7 Kxd7 12. Bf4 Be7 13. Kd2 Bf5 14. e4 Bxe4 15. Nxe4 dxe4 16. Bxa6 bxa6 17. g4 f6 18. b4 g5 19. Bg3 h5 20. gxh5 f5 21. Be5 Rxh5 22. Rxa6 f4 23. b5 cxb5 24. c6+ Ke8 25. Rha1 Bd8 26. c7 Bxc7 27. Bxc7 Rxh2 28. Rf1 Kd7 29. Bb6 g4 30. Kc3 Rh3+ 31. Kb4 Rf3 32. Rg1 g3 33. fxg3 fxg3 34. Bc5 e3 35. Rh1 Rf7 36. Ra3 g2 37. Rg1 Rf2 38. Rxe3 Rxb2+ 39. Kc3 Rf2 40. Rg3 a5 41. R1xg2 Rf5 42. Re3 Rf7 43. Rg6 Re8 44. Bb6 b4+ 45. Kb3 Rf5 46. Ka4 Rh5 47. Bc5 e5 48. d5 e4 49. Rg7+ Kc8 50. d6 Rd8 51. Rc7+ Kb8 52. Ba7+ Ka8 53. d7 Rhh8 54. Kxa5 b3 55. Rxb3 e3 56. Ka6 e2 57. Be3 Rxd7 58. Rxd7 Rh6+ 59. Bxh6 1-0

[Event "Olympiad Women 2024"]
[Site "Budapest HUN"]
[Date "2024.09.21"]
[Round "10.45"]
[Board "3"]
[White "La Fleur, Zara"]
[Black "Pallie, Ehsha Mishela"]
[Result "0-1"]
[WhiteElo "1773"]
[BlackElo "1767"]
[PlyCount "52"]
[EventDate "2024.09.11"]
[WhiteTeam "Trinidad & Tobago"]
[BlackTeam "Sri Lanka"]
[BlackTeamCountry "SRI"]

1. e4 c5 2. Nf3 e6 3. d4 cxd4 4. Nxd4 Bc5 5. Nb3 Bb6 6. Bd3 Ne7 7. O-O O-O 8. N1d2 ({RR} 8. c4 Nbc6 9. Nc3 f5 10. Kh1 f4 11. f3 Ne5 12. Be2 N7g6 13. Bd2 Qh4 14. Be1 Qh5 15. c5 Bc7 16. Nb5 Bb8 17. Nd6 b6 18. Rc1 bxc5 19. Rxc5 Bxd6 20. Qxd6 a5 21. Bc3 a4 22. Nd2 Ra6 {1-0 Suyarov,M (2407)-Solberg,J (2164) Titled Tue 26th Mar Early 2024 (1)}) 8... f5 ({RR} 8... Nbc6 9. Nf3 d6 10. Nbd2 h6 11. b3 Ng6 12. Bb2 e5 13. Nc4 Bc5 14. a3 b5 15. Ne3 Bxe3 16. fxe3 Qb6 17. Kh1 Be6 18. Qe1 a6 19. h4 Rfd8 20. h5 Nf8 21. Qg3 Nh7 22. Nh4 Rac8 23. Rf2 {0-1 Satyapragyan,S (2431)-Damljanovic,B (2625) Andorra op 24th 2006 (2)}) 9. exf5 Nxf5 10. c4 $146 ({RR} 10. Nf3 Nc6 11. Bg5 Qe8 12. Re1 Qf7 13. Bf4 h6 14. Bxf5 Qxf5 15. Bd6 Rf7 16. Re2 g5 17. Nbd4 Nxd4 18. Nxd4 Qf6 19. Be5 Qe7 20. Nb5 Qc5 21. Nd6 Rxf2 22. Ne4 Rf1+ 23. Kxf1 Qg1# {0-1 Saad,H-Diczew,F Wch U10 Oropesa del Mar 1999 (1)}) ({RR} 10. Nf3 Nc6 11. Bf4 Nh4 12. Nxh4 Rxf4 13. Nf3 d5 14. Qe2 Qf6 15. c4 d4 16. Rae1 Bc7 17. Be4 Qd8 18. Qd3 e5 19. Bxh7+ Kh8 20. Be4 Qd6 21. Bxc6 bxc6 22. Nxe5 Rf6 23. c5 Qd5 24. Ng6+ Rxg6 {1-0 Yorgun,Y (1635)-Incecik,S (1715) TUR-chT2 Konya 2016 (5.3)}) 10... Nc6 11. Nf3 Qf6 12. a3 Nh4 13. Be2 Ne5 14. Nbd2 d5 15. cxd5 exd5 16. Qb3 Be6 17. Qc3 d4 18. Qb4 Nxg2 19. Ne4 Nxf3+ 20. Bxf3 Qxf3 21. Ng5 Qd5 22. f3 Ne3 23. Bxe3 dxe3 24. Qh4 e2+ 25. Kh1 exf1=Q+ 26. Rxf1 h6 0-1

[Event "Olympiad Women 2024"]
[Site "Budapest HUN"]
[Date "2024.09.21"]
[Round "10.45"]
[Board "4"]
[White "Gunawardhana, Devindya Oshini"]
[Black "James, Shemilah"]
[Result "1-0"]
[WhiteElo "1956"]
[BlackElo "1774"]
[PlyCount "123"]
[EventDate "2024.09.11"]
[WhiteTeam "Sri Lanka"]
[BlackTeam "Trinidad & Tobago"]
[WhiteTeamCountry "SRI"]

1. e4 e5 2. Nf3 Nc6 3. Bb5 f5 4. d3 fxe4 5. dxe4 Nf6 6. O-O Bc5 7. Bc4 Qe7 ({RR} 7... d6 8. Nc3 Bg4 9. h3 Bh5 10. Qd3 Nb4 11. Qe2 Bxf3 12. Qxf3 Nxc2 13. Bg5 Nxa1 14. Nd5 O-O 15. Bxf6 gxf6 16. Nxc7+ Kh8 17. Ne6 Qd7 18. Rxa1 Bd4 19. Bd5 Rae8 20. Nxf8 Rxf8 21. Rc1 f5 22. g4 {0-1 Andreikin,D (2725)-Paravyan,D (2647) Titled Tuesday intern op 18th May blitz 2021 (8)}) 8. Nc3 d6 9. Bg5 Be6 10. Bxe6 $146 ({RR} 10. Nd5 Qf7 11. Bxf6 gxf6 12. Nxc7+ Qxc7 13. Bxe6 Qe7 14. Bf5 O-O 15. c3 Kh8 16. Nh4 Rg8 17. Qh5 Qe8 18. Qxh7# {1-0 Petukhov,N (1887)-Lagoda,V (2067) Moscow op-B 04th 2008 (7)}) ({RR} 10. Nd5 Bxd5 11. exd5 Nd8 12. Bb5+ c6 13. dxc6 bxc6 14. Bc4 Ne6 15. Bh4 h6 16. c3 d5 17. Bb3 e4 18. Nd4 Nxd4 19. cxd4 Bd6 20. Ba4 Rc8 21. Rc1 Qe6 22. Bxc6+ Rxc6 23. Rxc6 Bxh2+ 24. Kxh2 Qxc6 {0-1 Gutkin,I (2306)-Jiang,B (2032) Titled Tue 19th Mar Late 2024 (3)}) ({RR} 10. Nd5 Bxd5 11. Bxd5 h6 12. Bxf6 Qxf6 13. c3 Ne7 14. Bxb7 Rb8 15. Qa4+ Kf7 16. Qa6 h5 17. b4 Bb6 18. a4 h4 19. Ne1 h3 20. g3 c5 21. a5 Bc7 22. bxc5 dxc5 23. Qxf6+ gxf6 24. a6 f5 {1-0 Hansen,R (1936)-Christiansen,J (1967) Copenhagen Bronshoj op 2012 (6)}) ({RR} 10. Nd5 Bxd5 11. Bxd5 O-O-O 12. c3 h6 13. Bxf6 Qxf6 14. a4 a5 15. Qb3 Bb6 16. Qc4 Ne7 17. Be6+ Kb8 18. b4 g5 19. Qb3 h5 20. Rab1 axb4 21. cxb4 g4 22. Nd2 h4 23. a5 Bd4 24. b5 g3 {1-0 Restrepo,J (1887)-Manrique,F (2018) Mosquera op 2014 (5)}) 10... Qxe6 11. Nd5 O-O-O 12. Bxf6 gxf6 13. Nh4 Ne7 14. b4 Bd4 15. c3 Bb6 16. a4 c6 17. Nxe7+ Qxe7 18. a5 Bc7 19. a6 b6 20. b5 Qe6 21. bxc6 d5 22. Qb3 Qxc6 23. Nf5 Qc4 24. Ne7+ Kd7 25. Qxc4 dxc4 26. Nd5 Rhf8 27. Ra4 b5 28. Rb4 Kc6 29. Nxc7 Kxc7 30. Rxb5 Kc6 31. Rb4 Kd6 32. f3 Rc8 33. Rd1+ Ke6 34. Rb7 h6 35. Rxa7 Ra8 36. Rc7 Rxa6 37. Rxc4 Rg8 38. Rc7 Ra2 39. g3 Ra6 40. Rd2 Rb8 41. Kg2 Rb3 42. Rc2 Raa3 43. Kh3 Kd6 44. Rc8 Kd7 45. Rc4 Ke6 46. Kh4 Rb8 47. Rd2 Rb6 48. Kh5 Rd6 49. Rxd6+ Kxd6 50. Kxh6 Ra2 51. h4 Rg2 52. g4 Rf2 53. g5 fxg5 54. hxg5 Rxf3 55. g6 Rg3 56. g7 Ke7 57. Rc8 Rh3+ 58. Kg6 Rg3+ 59. Kf5 Rxg7 60. Rc7+ Kf8 61. Rxg7 Kxg7 62. Kxe5 1-0

[Event "Olympiad Women 2024"]
[Site "Budapest HUN"]
[Date "2024.09.21"]
[Round "10.46"]
[Board "1"]
[White "Roy, Ali"]
[Black "Hamadeh, Sally"]
[Result "1-0"]
[WhiteElo "1961"]
[BlackElo "1557"]
[PlyCount "73"]
[EventDate "2024.09.11"]
[WhiteTeam "Scotland"]
[BlackTeam "Lebanon"]
[WhiteTeamCountry "SCO"]
[BlackTeamCountry "LBN"]

1. Nf3 d5 2. g3 g6 3. Bg2 Bg7 4. O-O Nf6 5. d3 O-O 6. Nbd2 c5 7. e4 dxe4 8. dxe4 Nc6 9. a4 ({RR} 9. Qe2 Bg4 10. c3 Ne5 11. h3 Bxf3 12. Nxf3 Qd3 13. Re1 Qxe2 14. Rxe2 Nxf3+ 15. Bxf3 Nd7 16. Be3 b6 17. e5 Rad8 18. e6 fxe6 19. Bg4 Ne5 20. Bxe6+ Kh8 21. Kg2 Rd6 22. Bb3 c4 23. Ba4 Nd3 {1-0 Gabuzyan,H (2557)-Toma,R (2385) FIDE World Uni Blitz-D 1st 2021 (7.4)}) ({RR} 9. Qe2 Qc7 10. Re1 Bg4 11. c3 Rad8 12. h3 Bc8 13. Nc4 e5 14. Bg5 b6 15. Ne3 Be6 16. Nh2 Ne7 17. h4 h6 18. Bxf6 Bxf6 19. h5 g5 20. Bf1 Rd7 21. Qf3 Bg7 22. Nhg4 f5 23. exf5 Nxf5 {½-½ Borischik,S (1928)-Szlod,W (1833) Wroclaw Open B 2024 (9.1)}) 9... Be6 $146 ({RR} 9... Nd4 10. c3 Nxf3+ 11. Qxf3 Ng4 12. Rd1 Ne5 13. Qe3 b6 14. f4 Qd3 15. Qe1 Bg4 16. fxe5 Bxd1 17. Qxd1 Bxe5 18. Qf3 Rad8 19. Qxd3 Rxd3 20. Bf1 Rdd8 21. Nc4 Bg7 22. Be3 Rd7 23. Be2 Rfd8 24. Kf2 {1-0 Grigoryan,A (1673)-Hasratyan,A Yerevan op 2nd 2017 (7)}) ({RR} 9... e5 10. c3 Be6 11. Qc2 Qc7 12. Re1 Rad8 13. Nf1 h6 14. Bd2 Nh7 15. Ne3 Ne7 16. Bf1 Kh8 17. Nc4 Bg4 18. Bg2 f6 19. Ne3 Be6 20. c4 b6 21. Rac1 Rd7 22. Nd5 Qb7 23. Nh4 Rfd8 24. Rcd1 {1-0 Levato,B (1510)-Paragliola,G (1529) Cutro op-B 12th 2006 (9)}) 10. Qe2 Nb4 11. Nc4 Bxc4 12. Qxc4 Rc8 13. Bd2 Nc6 14. Rfd1 Qc7 15. Bc3 Rfd8 16. e5 Nd7 17. e6 fxe6 18. Qxe6+ Kh8 19. Bxg7+ Kxg7 20. Ng5 Nf6 21. Qf7+ Kh8 22. Ne6 Rg8 23. Nxc7 Rxc7 24. Bxc6 bxc6 25. Re1 Rg7 26. Qc4 Nd7 27. Rad1 h6 28. Qe6 Nf6 29. Rd8+ Kh7 30. Rf8 a5 31. Rf7 Nd5 32. Rxg7+ Kxg7 33. Qe5+ Kf7 34. c4 Rd7 35. Qe6+ Kf8 36. Qxd7 Nb4 37. Rxe7 1-0

[Event "Olympiad Women 2024"]
[Site "Budapest HUN"]
[Date "2024.09.21"]
[Round "10.46"]
[Board "2"]
[White "Fawaz, Nadia"]
[Black "Cooke, Suzie G."]
[Result "0-1"]
[WhiteElo "1747"]
[BlackElo "1941"]
[PlyCount "66"]
[EventDate "2024.09.11"]
[WhiteTeam "Lebanon"]
[BlackTeam "Scotland"]
[WhiteTeamCountry "LBN"]
[BlackTeamCountry "SCO"]

1. e4 e6 2. Qe2 Be7 3. d4 d5 4. e5 c5 5. Qg4 Kf8 6. c3 Nc6 7. Nf3 cxd4 8. cxd4 Nb4 $146 ({RR} 8... Bb4+ 9. Nc3 f6 10. Bd2 f5 11. Qf4 h6 12. Bb5 g5 13. Qg3 g4 14. Bxc6 bxc6 15. Nh4 Kf7 16. Ne4 Be7 17. Nd6+ Kg7 18. Nf3 h5 19. h4 Bxd6 20. exd6 Nf6 21. Ng5 Ne4 22. Nxe4 dxe4 23. O-O {1-0 Pihlajamaki,A (2105)-Toth,L (2065) Budapest FS11 FM 2001 (12)}) 9. Na3 Bd7 10. Be2 Rc8 11. O-O a6 12. Qg3 h5 13. h4 Nh6 14. Bxh6 Rxh6 15. Ng5 g6 16. Qf4 Bxg5 17. hxg5 Rh8 18. Rfc1 Rc6 19. Rxc6 Bxc6 20. Rc1 Nxa2 21. Rc5 Nb4 22. Qd2 a5 23. Bb5 Kg7 24. Bxc6 bxc6 25. Nc2 Nxc2 26. Qxc2 Qxg5 27. Rxa5 h4 28. Ra1 h3 29. g3 Qg4 30. Qd3 Rb8 31. Rb1 Rb4 32. f4 Rb3 33. Qxb3 Qe2 0-1

[Event "Olympiad Women 2024"]
[Site "Budapest HUN"]
[Date "2024.09.21"]
[Round "10.46"]
[Board "3"]
[White "Giulian, Rosemary A"]
[Black "Attieh, Skye"]
[Result "0-1"]
[WhiteElo "1922"]
[BlackElo "1675"]
[PlyCount "74"]
[EventDate "2024.09.11"]
[WhiteTeam "Scotland"]
[BlackTeam "Lebanon"]
[WhiteTeamCountry "SCO"]
[BlackTeamCountry "LBN"]

1. e4 e6 2. d4 d5 3. Nd2 Nf6 4. e5 Nfd7 5. f4 c5 6. c3 Nc6 7. Ndf3 Qb6 8. a3 a5 9. Ne2 ({RR} 9. b3 Be7 10. h4 O-O 11. Bd3 f5 12. Be3 cxd4 13. cxd4 Bxa3 14. g4 Bb4+ 15. Kf1 fxg4 16. Ng5 Ndxe5 17. Bxh7+ Kh8 18. Kg2 Nd7 19. h5 Nf6 20. Qd3 Ne7 21. h6 Bd7 22. Bf2 gxh6 23. Rxh6 Bb5 {0-1 McShane,L (2568)-Zarnicki,P (2536) Dos Hermanas Internet f 4th 2003 (3.2)}) 9... Be7 10. h4 ({RR} 10. g3 O-O 11. Bh3 cxd4 12. cxd4 Qd8 13. O-O a4 14. f5 Nb6 15. f6 gxf6 16. Bh6 fxe5 17. dxe5 Nc4 18. Kh1 Kh8 19. Bxf8 Qxf8 20. Qc1 Bd7 21. Ned4 Qg7 22. Nxc6 bxc6 23. Bg2 Rb8 24. Rf2 Be8 {0-1 Liu Shilan (2083)-Gdanski,J (2484) World Senior Teams +50 2023 (3.1)}) 10... h5 $146 ({RR} 10... f6 11. h5 fxe5 12. fxe5 cxd4 13. cxd4 O-O 14. Rh3 a4 15. Nc3 Na5 16. Rb1 Nb3 17. Be3 Qa5 18. Qc2 b6 19. Bd3 h6 20. Bxh6 gxh6 21. Rg3+ Kh8 22. Rg6 Rxf3 23. gxf3 Bg5 24. f4 Bxf4 25. Qf2 {1-0 Milov,V (2615)-Konenkin,D (2243) EU-ch blitz Minsk 2015 (19.23)}) 11. g3 g6 12. Qd3 Qd8 13. Bh3 b6 14. Rg1 Ba6 15. Qb1 a4 16. Bxe6 Bxe2 17. Kxe2 cxd4 18. cxd4 Nf8 19. Bh3 Na5 20. Qd3 Nc4 21. Nd2 b5 22. Qf3 Ra6 23. Bg2 Ne6 24. Qd3 Bxh4 25. Rf1 Be7 26. Nf3 Ng7 27. Rh1 Nf5 28. Rh3 h4 29. g4 Ng3+ 30. Kf2 Qc8 31. g5 Nf5 32. Bd2 Qd7 33. Rb1 Rc6 34. Ne1 Nxd4 35. Kg1 Nxd2 36. Qxd2 Qf5 37. Nd3 Qxh3 0-1

[Event "Olympiad Women 2024"]
[Site "Budapest HUN"]
[Date "2024.09.21"]
[Round "10.46"]
[Board "4"]
[White "Al Asmar, Remy"]
[Black "Bhatia, Kanishka"]
[Result "0-1"]
[WhiteElo "1661"]
[BlackElo "1908"]
[PlyCount "194"]
[EventDate "2024.09.11"]
[WhiteTeam "Lebanon"]
[BlackTeam "Scotland"]
[WhiteTeamCountry "LBN"]
[BlackTeamCountry "SCO"]

1. c4 Nf6 2. b3 e5 3. Bb2 Nc6 4. g3 d5 5. Bg2 d4 ({RR} 5... dxc4 6. Bxc6+ bxc6 7. Bxe5 Bc5 8. Bb2 Ne4 9. e3 cxb3 10. axb3 O-O 11. Qc2 Qd5 12. f3 Ng5 13. Ra5 Nxf3+ 14. Nxf3 Qxf3 15. Rf1 Qg2 16. Qc3 f6 17. Qc4+ Kh8 18. Rxc5 Bh3 19. Qe2 Qxe2+ 20. Kxe2 {1-0 Vijayalakshmi,S (2435)-Ganguly,S (2536) BCF-ch Edinburgh 2003 (7)}) 6. d3 ({RR} 6. e3 Bg4 7. f3 Bf5 8. e4 Bg6 9. d3 Bb4+ 10. Nd2 h5 11. a3 Bd6 12. b4 h4 13. c5 Be7 14. Nc4 hxg3 15. hxg3 Rxh1 16. Bxh1 a6 17. Ne2 b5 18. cxb6 cxb6 19. f4 Ng4 20. Bf3 b5 {1-0 Arabidze,M (2451)-Wernberg,H (2217) Titled Tue 11th Jul Early 2023 (2)}) 6... Bf5 7. Nd2 Be7 $146 ({RR} 7... Qd7 8. a3 a5 9. Qc2 Be7 10. h4 O-O 11. h5 h6 12. f3 Nh7 13. g4 Be6 14. Ne4 Ng5 15. Bc1 Nxe4 16. dxe4 Rfd8 17. Qd3 Nb8 18. Nh3 Na6 19. Nf2 Nc5 20. Qc2 b5 21. Nd3 Nxb3 22. Qxb3 {0-1 Spicak,K (2080)-Owczarzak,J (2389) POL-ch sf Chotowa 2007 (1)}) ({RR} 7... Bc5 8. a3 a5 9. Qc2 Qe7 10. Ngf3 e4 11. dxe4 Nxe4 12. Nxe4 Bxe4 13. Qd2 Rd8 14. O-O O-O 15. Rfd1 Rfe8 16. Qf4 Qd6 17. Qh4 Qg6 18. Rd2 Be7 19. Qf4 Bd6 20. Qg5 Qxg5 21. Nxg5 Bxg2 22. Kxg2 {1-0 Lacroix,S (1593)-Bevand,L (1716) Trois-Rivieres op 1976 (5)}) ({RR} 7... Qd7 8. a3 a5 9. Qc2 Bc5 10. h3 h5 11. Ngf3 O-O 12. Nh4 Bh7 13. O-O g5 14. Nhf3 g4 15. Ng5 Bf5 16. h4 Rae8 17. Kh2 b6 18. Nde4 Bxe4 19. Nxe4 Nxe4 20. Bxe4 f5 21. Bd5+ Kh7 22. Rae1 {0-1 Baxter,B (1786)-Yan,J (1755) Washington State-chD 2019 (1)}) 8. Ngf3 Qd7 9. h3 h6 10. a3 a5 11. Qc2 Bc5 12. Ne4 Nxe4 13. dxe4 Be6 14. Rd1 Qe7 15. Qc1 O-O 16. O-O Rab8 17. a4 Rbd8 18. Ne1 Nb4 19. Nd3 Nxd3 20. exd3 c6 21. f4 f6 22. f5 Bf7 23. Qc2 b5 24. axb5 cxb5 25. Ra1 bxc4 26. bxc4 Bb4 27. Rfb1 Rc8 28. Bc1 Bc3 29. Bb2 Bb4 30. Bc1 Bc3 31. Bb2 Bb4 32. Bc1 Rb8 33. Ra2 Rfc8 34. Kh2 Rb6 35. Ba3 Qb7 36. Rab2 Rb8 37. Bxb4 Rxb4 38. Rxb4 axb4 39. Qb3 Qa7 40. Bf3 Qb7 41. Bd1 Ra8 42. Kg1 Be8 43. Qb2 Kh7 44. Kf1 Ba4 45. Bh5 Rb8 46. Ra1 Be8 47. Bxe8 Rxe8 48. Ra5 Qf7 49. g4 Rb8 50. Qb3 Qc7 51. Ra4 Qb7 52. Ra5 Qf7 53. Ra4 Qe7 54. Ra1 Qf7 55. Ra4 Qe7 56. Ra2 g6 57. c5 gxf5 58. exf5 Kg7 59. Rc2 Qc7 60. c6 Rb6 61. Qe6 b3 62. Rb2 Rxc6 63. Qxb3 h5 64. Qb7 hxg4 65. hxg4 Qxb7 66. Rxb7+ Kh6 67. Kf2 Rc3 68. Ke2 Kg5 69. Rg7+ Kf4 70. Rg6 Rc2+ 71. Kd1 Rg2 72. Rxf6 Rxg4 73. Rh6 Kxf5 74. Ke2 Rg3 75. Rh4 Rg2+ 76. Ke1 Kg5 77. Re4 Kf5 78. Rh4 Ke6 79. Rh6+ Kd5 80. Rh8 Rg6 81. Ke2 Rg2+ 82. Ke1 Kc5 83. Rh5 Kb4 84. Rxe5 Kc3 85. Rh5 Kxd3 86. Rh3+ Kc2 87. Rh8 Rg1+ 88. Kf2 Rg7 89. Rh2 Re7 90. Kf3+ Kc3 91. Rh8 d3 92. Rd8 d2 93. Rc8+ Kb2 94. Rd8 Kc1 95. Rc8+ Kd1 96. Kf2 Rf7+ 97. Ke3 Ke1 0-1

[Event "Olympiad Women 2024"]
[Site "Budapest HUN"]
[Date "2024.09.21"]
[Round "10.47"]
[Board "1"]
[White "Wilson, Hannah"]
[Black "Widjayanti, Lindri Juni"]
[Result "0-1"]
[WhiteElo "1888"]
[BlackElo "2155"]
[PlyCount "128"]
[EventDate "2024.09.11"]
[WhiteTeam "Barbados"]
[BlackTeam "Indonesia"]
[WhiteTeamCountry "BAR"]
[BlackTeamCountry "INA"]

1. e4 d6 2. d4 Nf6 3. Nc3 g6 4. f4 Bg7 5. Nf3 Bg4 6. Be2 ({RR} 6. Bc4 O-O 7. e5 Nfd7 8. Be3 c5 9. dxc5 dxe5 10. O-O exf4 11. Bxf4 Nc6 12. Be3 Bxf3 13. Qxf3 Nce5 14. Qe4 Qa5 15. b4 Qxb4 16. Bxf7+ Rxf7 17. Qxb4 b6 18. Rxf7 Kxf7 19. cxb6 axb6 20. Rf1+ Bf6 {1-0 Csom,E (2325)-Czebe,A (2220) Budapest-ch rap 1996}) 6... Nfd7 ({RR} 6... c6 7. O-O Nbd7 8. e5 dxe5 9. fxe5 Nd5 10. Bd2 Qb6 11. Na4 Qc7 12. Ng5 Bxe2 13. Qxe2 O-O-O 14. Nxf7 b5 15. Nxh8 Bxh8 16. Nc3 Qb6 17. Qe4 Bxe5 18. Ne2 N5f6 19. Qd3 Bb8 20. a4 Qc7 21. Bf4 {0-1 Nabaggala,V (1239)-Namaganda,C (1649) UGA-ch op Kampala 2022 (2)}) 7. Be3 Bxf3 $146 ({RR} 7... e6 8. O-O Nc6 9. Qd2 Ne7 10. h3 Bxf3 11. Bxf3 c6 12. Rae1 d5 13. f5 gxf5 14. exd5 cxd5 15. Bh6 O-O 16. h4 Nc6 17. Bxg7 Kxg7 18. Qf4 Qf6 19. Ne2 Kh8 20. c3 Rg8 21. b4 Rac8 22. Ng3 {0-1 Bernales,C (2065)-Yaon,M (1846) Subic Bay Puregold op-B 2016 (2)}) 8. Bxf3 c6 9. O-O Qa5 10. Ne2 Na6 11. c3 Nc7 12. Ng3 h5 13. b4 Qa3 14. Qc2 Nb5 15. Ne2 Nb6 16. Bc1 Qa4 17. Qd3 Na3 18. Bxa3 Qxa3 19. b5 Qa4 20. bxc6 Qxc6 21. e5 d5 22. f5 g5 23. g3 g4 24. Bh1 h4 25. Rae1 O-O-O 26. f6 exf6 27. exf6 Bh6 28. Nf4 Kb8 29. Rb1 Qc4 30. Qxc4 dxc4 31. a4 hxg3 32. hxg3 Rd7 33. a5 Nc8 34. Rb5 Rg8 35. Rfb1 Nd6 36. R5b4 Bxf4 37. gxf4 Rg6 38. a6 b6 39. Rf1 Rxf6 40. Rb2 Rh6 41. Re2 Rh3 42. Rc1 Kc7 43. Bg2 Rh6 44. Rce1 Rf6 45. Rf1 b5 46. Kh2 Kb6 47. Ra2 Rh6+ 48. Kg3 Nf5+ 49. Kf2 Re7 50. Re1 Rxe1 51. Kxe1 Re6+ 52. Kf2 Re3 53. Rc2 Kxa6 54. d5 Kb6 55. d6 g3+ 56. Kf1 Nxd6 57. Bd5 Kc5 58. Bg2 a5 59. Rd2 Rd3 60. Ra2 a4 61. Ra3 f5 62. Ke2 Ne4 63. Bxe4 fxe4 64. f5 Rf3 0-1

[Event "Olympiad Women 2024"]
[Site "Budapest HUN"]
[Date "2024.09.21"]
[Round "10.47"]
[Board "2"]
[White "Lindiawati, Evi"]
[Black "Blackman, Katrina"]
[Result "1-0"]
[WhiteElo "1940"]
[BlackElo "1814"]
[PlyCount "97"]
[EventDate "2024.09.11"]
[WhiteTeam "Indonesia"]
[BlackTeam "Barbados"]
[WhiteTeamCountry "INA"]
[BlackTeamCountry "BAR"]

1. e4 e6 2. d4 d5 3. Nd2 Nf6 4. e5 Nfd7 5. Bd3 c5 6. c3 Nc6 7. Ne2 Qb6 8. Nf3 cxd4 9. cxd4 f6 10. exf6 Nxf6 11. O-O Be7 12. Nc3 O-O 13. Na4 $146 ({RR} 13. a3 a6 14. Rb1 Kh8 15. Bc2 Bd7 16. Be3 Be8 17. Ne5 Bd6 18. Qd3 Qc7 19. f4 Ne7 20. Qe2 Rc8 21. Rbc1 Qa5 22. Bd3 b5 23. g4 Qb6 24. Rf3 Ne4 25. Rh3 g6 26. Bxe4 dxe4 27. Qf2 Qb7 {0-1 Celis,G-Villegas,S (2005) FMDA-FAPC m Cordoba 1994 (10)}) ({RR} 13. Re1 Kh8 14. Be3 Bd7 15. Ng5 h6 16. Nf3 Be8 17. Qd2 Ng4 18. Bc2 Nb4 19. Bb1 Rxf3 20. gxf3 Nxh2 21. Kxh2 Bh5 22. f4 Bf3 23. Rc1 {0-1 Beradze,I (2327)-Tran,T (2246) Wch U16 Maribor 2012 (11.12)}) ({RR} 13. Bg5 Kh8 14. Bc2 Nd8 15. b3 Nf7 16. Bh4 Bd7 17. Qd3 g6 18. Ne5 Nxe5 19. dxe5 Ng8 20. Bxe7 Nxe7 21. Rae1 Rac8 22. Bb1 d4 23. Ne4 Bb5 24. Qh3 Bxf1 25. Ng5 h5 26. Bxg6 Kg7 27. Qxh5 Rh8 {1-0 Veiga,J (2389)-Seder,M (2077) Titled Tue 8th Aug Early 2023 (8)}) ({RR} 13. a3 Kh8 14. Bc2 Bd7 15. b4 Qc7 16. Qd3 Rac8 17. Bd2 Be8 18. Nh4 g5 19. Bxg5 Nxb4 20. axb4 Ne4 21. Bxe7 Qxe7 22. Nxe4 Qxh4 23. Nc5 Bg6 24. Qe2 Bxc2 25. Qxc2 b6 26. Rxa7 bxc5 27. bxc5 Rg8 {1-0 Sell,P-Juliano,J Indaial JASC op 2004 (4)}) ({RR} 13. Re1 Ng4 14. Na4 Qc7 15. h3 Nxf2 16. Kxf2 Qh2 17. Rg1 Bh4+ 18. Kf1 e5 19. dxe5 Nxe5 20. Be2 Bxh3 21. Be3 Ng4 22. Qd4 Qg3 23. Bf2 Rxf3 24. Bxf3 Qxf3 25. gxh3 Nh2+ 26. Ke1 Bxf2+ {0-1 Popova,T-Grinfeld,A URS-ch (Women) 33rd 1974}) 13... Qd8 14. Re1 b6 15. Bg5 Qd6 16. Rc1 Bd7 17. Bh4 Nd8 18. Nc3 Be8 19. Bg3 Qd7 20. Nb5 Rc8 21. Nc7 Bb4 22. Re2 Qe7 23. Nxe8 Rxc1 24. Nxf6+ Qxf6 25. Qxc1 Nf7 26. a3 Bd6 27. Bxd6 Nxd6 28. Qg5 Qf7 29. Qe5 Nc4 30. Bxc4 dxc4 31. Qxe6 b5 32. Qxf7+ Kxf7 33. Re5 a6 34. Rf5+ Ke7 35. Rxf8 Kxf8 36. Kf1 Ke7 37. Ke2 Kd6 38. Ke3 Kd5 39. Ng5 h6 40. Nh3 a5 41. Nf4+ Kd6 42. Kd2 g5 43. Ne2 Kd5 44. Kc3 h5 45. f4 g4 46. f5 h4 47. g3 hxg3 48. hxg3 Kd6 49. a4 1-0

[Event "Olympiad Women 2024"]
[Site "Budapest HUN"]
[Date "2024.09.21"]
[Round "10.47"]
[Board "3"]
[White "Reifer-Belle, Chanon"]
[Black "Yuliana, Evi"]
[Result "0-1"]
[WhiteElo "1736"]
[BlackElo "1912"]
[PlyCount "88"]
[EventDate "2024.09.11"]
[WhiteTeam "Barbados"]
[BlackTeam "Indonesia"]
[WhiteTeamCountry "BAR"]
[BlackTeamCountry "INA"]

1. e4 d5 2. exd5 Qxd5 3. Nf3 Bg4 4. Be2 Nc6 5. d4 O-O-O 6. c4 Qh5 7. O-O e5 8. h3 Bxf3 ({RR} 8... Nf6 9. d5 e4 10. hxg4 Nxg4 11. Bf4 exf3 12. Bxf3 f5 13. Nc3 Bd6 14. Bxg4 fxg4 15. Bg3 Ne5 16. Qd4 b6 17. Ne4 Rhf8 18. c5 bxc5 19. Nxd6+ cxd6 20. Qa4 Rf6 21. Bxe5 dxe5 22. Rac1 Rxd5 23. Rfd1 {0-1 Matlakov,M (2674)-Vlassov,N (2294) Titled Tuesday intern op 15th Feb Early blitz 2022 (2)}) 9. Bxf3 Qg6 10. Bxc6 $146 ({RR} 10. d5 Nd4 11. Nc3 f5 12. Be3 Bc5 13. Bxd4 Bxd4 14. Nb5 Bb6 15. a4 a6 16. a5 axb5 17. axb6 Qxb6 18. Qc2 bxc4 19. Ra8+ Kd7 20. Qxf5+ Ke8 21. Rxd8+ {1-0 Picazo Gonzalez,A (1955)-Salgado Gonzalez,J (1843) Benidorm op U2000 09th 2010 (7)}) ({RR} 10. Bh5 Qe4 11. d5 Qxc4 12. Qg4+ Qxg4 13. Bxg4+ Kb8 14. dxc6 bxc6 15. Bf3 Kb7 16. Nc3 f5 17. b4 Bd6 18. Bg5 Re8 19. b5 e4 20. bxc6+ Kxc6 21. Be2 Kd7 22. Rfd1 h6 23. Bf4 Rd8 24. Nb5 Ke7 {1-0 Luong,P-Hoang T Bao,T VIE-ch (Women) 1999 (5)}) ({RR} 10. d5 Nd4 11. Nc3 f5 12. Be3 Nxf3+ 13. Qxf3 e4 14. Qd1 a6 15. Ne2 Qf7 16. Nd4 Be7 17. Ne6 g5 18. Qd4 Qxe6 19. dxe6 Rxd4 20. Bxd4 Bf6 21. Rfd1 c6 22. e7 {1-0 Luong,P-Le,K (2307) VIE-chT (Women) 2001 (4)}) 10... Qxc6 11. Qg4+ Kb8 12. d5 h5 13. Qe2 Qa6 14. Nc3 Ne7 15. b3 f6 16. Bb2 Nf5 17. Qe4 Nd4 18. Na4 c5 19. dxc6 Qxc6 20. Qxc6 Nxc6 21. Rad1 Be7 22. Nc3 Bc5 23. Rd5 Bd4 24. Rxd8+ Rxd8 25. Ba1 Nb4 26. Rd1 Kc8 27. Nb5 Bxf2+ 28. Kxf2 Rxd1 29. Bc3 Nxa2 30. Nxa7+ Kb8 31. Nb5 Nxc3 32. Nxc3 Rd3 33. Ne4 Rxb3 34. Nd6 Rb2+ 35. Kf3 g6 36. g4 Rb3+ 37. Kg2 hxg4 38. hxg4 Rd3 39. Ne4 f5 40. gxf5 gxf5 41. Ng3 f4 42. Ne4 Kc7 43. Nc5 Rc3 44. Ne6+ Kd6 0-1